000 00765nam a2200289Ia 4500
005 20260324124830.0
008 008 260324s9999 xx 000 0 eng d
020 _a9781315870472
037 _aEBOOK
040 _aCRL
040 _beng
040 _cCRL
041 _2eng
041 _aeng
084 _qCRL
100 _aJyoti Shankar Singh; Jyoti Shankar Singh
_91175660
245 0 _aCreating a New Consensus on Population
245 4 _bThe Politics of Reproductive Health, Reproductive Rights, and Women's Empowerment
260 _bTaylor and Francis
260 _c2010
365 _a
365 _b230
856 _uhttp://www.taylorfrancis.com/books/9781315870472
942 _cEBOOK
999 _c1770401
_d1770401